000 01693nam a2200505 i 4500
001 54237
003 KOSZ 005
005 20200522081541.0
008 071205s2007 pl a f |000 0 eng
015 _aUWD 2008/5785
020 _a9788373481923
035 _a991035949939705066
035 _a(PL-WaBN)b19662920-48omnis_nlop
035 _ab19662920
035 _a(OCoLC)749195353
035 _a(PL)b0000001966292
035 _a(EXLNZ-48OMNIS_NETWORK)9910199393205606
040 _aWA N
_cWA N
_dKOSZ 005/HR
041 0 _aeng
_bpol
046 _k2007
080 _a624.01/.07
080 _a517.4
100 1 _aRucka, Magdalena
_eAutor
245 1 0 _aApplication of wavelet analysis in damage detection and localization /
_cMagdalena Rucka, Krzysztof Wilde.
260 _aGdańsk :
_bWydawnictwo Politechniki Gdańskiej,
_c2007.
300 _a116, [2] s. :
_bil. (w tym kolor.) ;
_c24 cm.
336 _aTekst
_btxt
_2rdacontent
337 _aBez urządzenia pośredniczącego
_bn
_2rdamedia
338 _aWolumin
_bnc
_2rdacarrier
380 _aKsiążki
380 _aPublikacje naukowe
388 _a2001-
504 _aBibliogr. s. 111-116.
546 _aStreszcz. pol.
650 7 _aAnaliza falkowa
_2DBN
650 7 _aDiagnostyka techniczna
_2DBN
650 7 _aKonstrukcje
_2DBN
658 _aArchitektura i budownictwo
658 _aInżynieria i technika
700 1 _aWilde, Krzysztof
_eAutor
710 2 _aWydawnictwo Politechniki Gdańskiej
_4pbl
856 _uhttp://koha.tu.koszalin.pl/cgi-bin/koha/opac-detail.pl?biblionumber=54237
_zKatalog online BPK
942 _2UKD
_cKS
999 _c54237
_d54237